| 000 | 00533nam a2200157Ia 4500 | ||
|---|---|---|---|
| 008 | 170221s9999 xx 000 0 und d | ||
| 100 | _aTian, Jie. | ||
| 245 | _aCross-Layer Assisted Power and Rate Control for Video Transmission in Wireless Networks | ||
| 245 | _cJie Tian, Haixia Zhang, Dalei Wu, and Dongfeng Yuan. | ||
| 260 | _bJournal of Communications | ||
| 260 | _c2015 | ||
| 300 | _a8 : 2 | ||
| 650 | _xCommunication | ||
| 650 | _xMedia Arts | ||
| 856 | _uhttp://www.jocm.us/index.php?m=content&c=index&a=lists&catid=158 | ||
| 999 |
_c308683 _d308683 |
||